The inn of sixth happiness [videorecording] / (Record no. 6791)
[ view plain ]
| 000 -LEADER | |
|---|---|
| fixed length control field | 00870nam a2200229 4500 |
| 008 - FIXED-LENGTH DATA ELEMENTS--GENERAL INFORMATION | |
| fixed length control field | 020509s1994 us eng |
| 020 ## - INTERNATIONAL STANDARD BOOK NUMBER | |
| International Standard Book Number | 0793911702 |
| 090 ## - LOCALLY ASSIGNED LC-TYPE CALL NUMBER (OCLC); LOCAL CALL NUMBER (OCLC) | |
| Classification number (OCLC) (R) ; Classification number, CALL (RLIN) (NR) | 922 |
| Local cutter number (OCLC) ; Book number/undivided call number, CALL (RLIN) | Ay4i |
| 100 1# - MAIN ENTRY--PERSONAL NAME | |
| Personal name | Bergman, Ingrid |
| 245 10 - TITLE STATEMENT | |
| Title | The inn of sixth happiness [videorecording] / |
| Statement of responsibility, etc | starring Ingrid Bergman...[et al.]. |
| 260 ## - PUBLICATION, DISTRIBUTION, ETC. (IMPRINT) | |
| Place of publication, distribution, etc | Califonia : |
| Name of publisher, distributor, etc | Fox Video, |
| Date of publication, distribution, etc | c1994. |
| 300 ## - PHYSICAL DESCRIPTION | |
| Extent | videocassette (158 mins.) : with a supplement to the video program : |
| Other physical details | sd., col. |
| 500 ## - GENERAL NOTE | |
| General note | Based on the book, "The Small Woman," by Alan Burgess. |
| 500 ## - GENERAL NOTE | |
| General note | Includes original theatrical trailer and rare movietone news footage |
| 500 ## - GENERAL NOTE | |
| General note | VHS [original] |
| 600 14 - SUBJECT ADDED ENTRY--PERSONAL NAME | |
| Personal name | Aylward, Gladys, 1902-1970. |
| 650 #4 - SUBJECT ADDED ENTRY--TOPICAL TERM | |
| Topical term or geographic name as entry element | Chinese |
| General subdivision | Missions. |
| 650 #4 - SUBJECT ADDED ENTRY--TOPICAL TERM | |
| Topical term or geographic name as entry element | Christian biography. |
| 651 #4 - SUBJECT ADDED ENTRY--GEOGRAPHIC NAME | |
| Geographic name | Missionaries |
| Geographic subdivision | China. |
| 700 1# - ADDED ENTRY--PERSONAL NAME | |
| Personal name | Burgess, Alan |
| 951 ## - EQUIVALENCE OR CROSS-REFERENCE-GEOGRAPHIC NAME/AREA NAME [OBSOLETE] [CAN/MARC only] | |
| -- | V-1392 |
| -- | 922/Ay4i |
| -- | 070613111106031 |
| -- | 2000-12-21 |
| -- | VT |
| Withdrawn status | Lost status | Damaged status | Not for loan | Home library | Current library | Shelving location | Date acquired | Accession number | Shelving control number | Total Checkouts | Full call number | Date last seen | Price effective from | Koha item type |
|---|---|---|---|---|---|---|---|---|---|---|---|---|---|---|
| BSOP Library | BSOP Library | Video Tapes | 12/21/2000 | V-1392 | 127 | 922/Ay4i | 02/23/2013 | 02/23/2013 | Books |
